| 000 | 00898nam a2200229 a 4500 | ||
|---|---|---|---|
| 001 | 000017900 | ||
| 005 | 20200929165255.0 | ||
| 008 | 100407s2004 sp 000 0 spa d | ||
| 020 | _a8400082796 | ||
| 040 |
_aDO-SdBNP _bspa _cBNPHU |
||
| 082 |
_axxx _bxx |
||
| 100 | 1 |
_aVelasco de, M. Cambra Ruiz _938839 |
|
| 245 | 1 | 0 |
_aDiseños de plantación y formación de árboles frutales / _cM. Cambra Ruiz Velasco, R. Cambra Ruiz Velasco ; prólogo Ángeles Moreno Sánchez. |
| 260 |
_aMadrid : _bConsejo superior de investigaciones científicas, _c2004. |
||
| 300 |
_a145 p. : _bil. ; _c24 cm. |
||
| 490 | 1 |
_aBiblioteca de ciencias _v16 |
|
| 504 | _aBibliografía : p. (138-141) | ||
| 700 | 1 |
_aVelasco de, R. Cambra Ruisz _938840 |
|
| 700 | 1 |
_aMoreno Sánchez, Ángeles _epról. _938841 |
|
| 710 | 2 |
_aConsejo superior de investigaciones científicas _94786 |
|
| 830 | 0 |
_aBiblioteca de ciencias _v16 _938842 |
|
| 999 |
_c17424 _d17424 |
||